| 000 | 00534nam a2200217Ia 4500 | ||
|---|---|---|---|
| 003 | BUBTL | ||
| 008 | 151213s9999 xx 000 0 und d | ||
| 020 | _a978007066924 | ||
| 082 | _a621NAH | ||
| 100 |
_aM.S.Naidu V.Kamartu _94323 |
||
| 245 |
_aHigh Voltage Engineering _cM.S.Naidu V.Kamartu |
||
| 250 | _a4th | ||
| 260 |
_aNew Delhi _bMc Graw Hill _c2009 |
||
| 300 | _a8236 p. | ||
| 650 | _aE E E | ||
| 650 | _ascience | ||
| 700 |
_aM.S.Naidu V.Kamartu _94323 |
||
| 856 |
_k0 _l0 _yDownload |
||
| 942 |
_2ddc _cBK |
||
| 999 |
_c4127 _d4127 |
||